Les trois romans de Frédéric Chopin

Enregistré dans:
Détails bibliographiques
Auteur principal: Wodzinski, Comte (Auteur)
Format: Livre
Langue:espagnol
Publié: París Calmann-Lévy 1927
Édition:6a. ed
Sujets:
Tags: Ajouter un tag
Pas de tags, Soyez le premier à ajouter un tag!

MARC

LEADER 00000nam a2200000 a 4500
001 UCN1253
003 CL-VaPUC
008 010420e19270000FR |||||||||||||||||spa|d
082 0 4 |a 927.8  |b WOD  |2 21 
100 0 |a Wodzinski, Comte  |e author  |9 456762 
245 1 4 |a Les trois romans de Frédéric Chopin 
250 |a 6a. ed 
300 |a 324 p 
942 |c BK 
945 |d 20010420 00:00:00  |a crobeson 
260 |a París  |b Calmann-Lévy  |c 1927 
600 0 |a Chopin, Frederic  |9 306591 
650 7 |a COMPOSITORES POLACOS  |2 CL-VaPUC  |9 456763 
650 0 |a Pianistas  |9 306502 
650 7 |a MUSICOS POLACOS  |2 CL-VaPUC  |9 456764 
650 0 |a Biografías  |9 255210 
583 |a last modification  |c 20010420 00:00:00  |k Rodrigo Vera 
999 |c 294828  |d 294826 
952 |0 0  |1 0  |4 0  |6 927_800000000000000_WOD_1927  |7 0  |8 A  |9 347560  |a BIBEDU  |b BIBEDU  |d 2019-11-20  |i 1249851  |o 927.8 WOD 1927  |p 1249851  |r 2023-01-12  |w 2019-11-20  |y BK  |k MUS